Estónska rozvojová spolupráca
Ciele a princípy estónskej rozvojovej spolupráce. Najvýznamnejšie projekty.
Na minha lista:
| Autor principal: | |
|---|---|
| Formato: | Capítulo de Livro |
| Idioma: | eslovaco |
| Assuntos: | |
| Tags: |
Sem tags, seja o primeiro a adicionar uma tag!
|
MARC
| LEADER | 00000naa a2200000 4500 | ||
|---|---|---|---|
| 001 | r039554 | ||
| 005 | 20230922115422.8 | ||
| 041 | 0 | |a slo | |
| 044 | |a SK | ||
| 245 | 1 | 0 | |a Estónska rozvojová spolupráca |c Birgit Keerd |
| 520 | |a Ciele a princípy estónskej rozvojovej spolupráce. Najvýznamnejšie projekty. | ||
| 610 | 2 | 0 | |a pomoc rozvojová |
| 610 | 2 | 0 | |a pomoc medzinárodná |
| 610 | 2 | 0 | |a projekty |
| 610 | 2 | 0 | |a Estónsko |
| 610 | 2 | 0 | |a krajiny rozvojové |
| 100 | 1 | |a Keerd, Birgit | |